00191nam a2200073Ia 4500008004100000082000800041100001800049245005000067240331s9999 xx 000 0 und d bRAM aRamalingam,V  0ayaalppanach samugathil penn kalvi :bor aaivu